| 000 | 00528nam a2200145Ia 4500 | ||
|---|---|---|---|
| 008 | 191206s9999 xx 000 0 und d | ||
| 020 | _a9780763645069 (pbk.) | ||
| 090 | _aHM101E8218 | ||
| 245 | 0 | _a31 ways to change the world: we are what we do | |
| 250 | _a1st U.S. ed.. | ||
| 260 | _aCandlewick Press | ||
| 260 | _cc2010 | ||
| 300 | _a67 p. : ill. (chiefly col.) ; 23 cm. | ||
| 999 |
_c15340 _d15340 |
||